|
|
|
|
| LEADER |
00610nam a22001697a 4500 |
| 005 |
20160820112811.0 |
| 008 |
060101t xxu||||| |||| 00| 0 eng d |
| 020 |
|
|
|a 9789382902157
|
| 082 |
|
|
|a 331
|b SEK
|
| 100 |
|
|
|a Sekar,Helen R.
|9 9605
|
| 245 |
|
|
|a Worker's Right and Practices in the Contemporary Scenario:
|b An Overview
|c edited by Helen R. Sekar
|
| 260 |
|
|
|a Noida:
|b V.V.Giri National Labour Institute,
|c 2014.
|
| 300 |
|
|
|a x,151p.
|
| 653 |
|
|
|a Labour Economics
|
| 942 |
|
|
|c BK
|6 _
|
| 999 |
|
|
|c 176966
|d 176966
|
| 952 |
|
|
|0 0
|1 0
|2 ddc
|4 0
|6 331_SEK
|7 0
|9 228919
|a DAE
|b DAE
|d 2006-01-01
|o 331 SEK
|p ECO12732
|r 2006-01-01
|w 2006-01-01
|y BK
|